Top 10 Most Irish U.S. Cities with Exceptions - Statistics

General Stats
  • This quiz has been taken 39 times
  • The average score is 6 of 10
Answer Stats
Rank Score State Answer % Correct
8 34.39 OR Portland
97%
2 37.45 WA Seattle
94%
9 33.98 KY Louisville
72%
5 35.73 CA San Francisco
69%
6 34.9 KY Lexington
67%
7 34.8 VA Virginia Beach
64%
1 42.35 WA Spokane
58%
3 37.24 OR Eugene
56%
4 37.15 AZ Scottsdale
44%
10 33.9 FL Cape Coral
19%
No matching quizzes found
Score Distribution
Percent of People with Each Score
Percentile by Number Answered
Your Score History
You have not taken this quiz